|
|
|
|
| LEADER |
00000naa2a2200000 4500 |
| 001 |
605125 |
| 005 |
20260305160806.0 |
| 035 |
|
|
|a (RuTPU)RU\TPU\conf\2410
|
| 035 |
|
|
|a RU\TPU\conf\2406
|
| 090 |
|
|
|a 605125
|
| 100 |
|
|
|a 20140403d2013 k y0rusy50 ca
|
| 101 |
0 |
|
|a rus
|
| 102 |
|
|
|a RU
|
| 135 |
|
|
|a drcn ---uucaa
|
| 181 |
|
0 |
|a i
|b e
|
| 182 |
|
0 |
|a b
|
| 183 |
|
0 |
|a cr
|2 RDAcarrier
|
| 200 |
1 |
|
|a Прогнозирование и оценка химической обстановки при разливе аммиака в процессе транспортировки на примере ОАО "АЗОТ" г. Кемерово
|f Т. А. Белькова, С. Ю. Тадыева
|g науч. рук. А. Г. Мальчик
|
| 203 |
|
|
|a Текст
|c электронный
|b визуальный
|
| 215 |
|
|
|a 1 файл (383 Кб)
|
| 225 |
1 |
|
|a Современные технологии ликвидации ЧС и техническое обеспечение аварийно-спасательных работ
|
| 283 |
|
|
|a online_resource
|2 RDAcarrier
|
| 300 |
|
|
|a Заглавие с экрана
|
| 320 |
|
|
|a Библиогр.: с. 406 (4 назв.)
|
| 336 |
|
|
|a Текстовый файл
|
| 463 |
|
1 |
|0 (RuTPU)RU\TPU\conf\1010
|t Экология и безопасность в техносфере: современные проблемы и пути решения
|o сборник трудов Всероссийской научно-практической конференции, г. Томск, 27-28 ноября 2013 г.
|f Национальный исследовательский Томский политехнический университет (ТПУ), Юргинский технологический институт (ЮТИ) ; под ред. В. М. Гришагина и др.
|v С. 400-406
|d 2013
|
| 610 |
1 |
|
|a электронный ресурс
|
| 610 |
1 |
|
|a труды учёных ТПУ
|
| 610 |
1 |
|
|a прогнозирование
|
| 610 |
1 |
|
|a оценка
|
| 610 |
1 |
|
|a химическая обстановка
|
| 610 |
1 |
|
|a разлив
|
| 610 |
1 |
|
|a аммиак
|
| 610 |
1 |
|
|a транспортировка
|
| 610 |
1 |
|
|a Кемерово
|
| 700 |
|
1 |
|a Белькова
|b Т. А.
|c специалист в области экологии и безопасности жизнедеятельности
|c aссистент Томского политехнического университета
|f 1991-
|g Татьяна Анатольевна
|9 23025
|
| 701 |
|
1 |
|a Тадыева
|b С. Ю.
|
| 702 |
|
1 |
|a Мальчик
|b А. Г.
|c специалист в области экологии и безопасности жизнедеятельности
|c доцент Юргинского технологического института Томского политехнического университета, кандидат технических наук
|f 1970-
|g Александра Геннадьевна
|4 727
|
| 801 |
|
1 |
|a RU
|b 63413507
|c 20101016
|
| 801 |
|
2 |
|a RU
|b 63413507
|c 20140403
|g RCR
|
| 856 |
4 |
0 |
|u http://www.lib.tpu.ru/fulltext/c/2013/C52/128.pdf
|z http://www.lib.tpu.ru/fulltext/c/2013/C52/128.pdf
|
| 942 |
|
|
|c CF
|